[Event "Challenge"]
[Site "http://www.queenalice.com/game.php?id=940120"]
[Date "2011.5.19"]
[Round "-"]
[White "ishamael13"]
[Black "alamanerademachine"]
[Result "1-0"]
[WhiteElo "2017"]
[BlackElo "1463"]

1. f4 d5 2. d3 d4 3. c3 Bf5 4. Nf3 dxc3 5. Nxc3 c6 6. e3 b5 7. a3 a5 8. e4 Bg4
9. Be2 f6 10. O-O h5 11. Nh4 e6 12. Bxg4 hxg4 13. Qxg4 Qc8 14. Ne2 Qc7 15. Be3
Ne7 16. Nd4 f5 17. exf5 e5 18. Ng6 Nxg6 19. Qxg6+ Qf7 20. fxe5 Ke7 21. Nxc6+
Nxc6 22. Qd6+ Ke8 23. Qxc6+ Kd8 24. Qxa8+ Kc7 25. Qa7+ Kc6 26. Rac1+ Kd5 27.
Qxf7+ Kxe5 28. Qe6# 1-0

[Event "Challenge"]
[Site "http://www.queenalice.com/game.php?id=941620"]
[Date "2011.5.23"]
[Round "-"]
[White "alamanerademachine"]
[Black "vinoseco"]
[Result "0-1"]
[WhiteElo "1472"]
[BlackElo "1422"]

1. e4 Nf6 2. Qf3 e6 3. e5 Nc6 4. Qf4 Nh5 5. Qg4 g6 6. Qf3 Nxe5 7. Qe4 Bd6 8. g4
Nf6 9. Qd4 Nfxg4 10. h3 c5 11. Qe4 Nf6 12. Qe3 Nd5 13. Qb3 Qh4 14. Nf3 Nxf3+ 15.
Kd1 Qe4 16. Be2 Nd4 17. Qd3 Qxh1+ 18. Bf1 Nf4 19. Qc4 b5 20. c3 bxc4 21. cxd4
cxd4 22. Ke1 d3 23. Nc3 Nxh3 24. Ne4 Qxe4+ 25. Be2 Qxe2# 0-1

[Event "Challenge"]
[Site "http://www.queenalice.com/game.php?id=941783"]
[Date "2011.5.23"]
[Round "-"]
[White "Cosette"]
[Black "alamanerademachine"]
[Result "1-0"]
[WhiteElo "1497"]
[BlackElo "1396"]

1. e4 e5 2. Bc4 d6 3. Qf3 Be6 4. Bxe6 fxe6 5. Nh3 d5 6. d3 Nf6 7. Bg5 dxe4 8.
dxe4 Be7 9. Nc3 O-O 10. Qg3 Nc6 11. Bh6 g6 12. Ng5 Nd4 13. Bxf8 Bxf8 14. Qxe5
Nxc2+ 15. Ke2 Nxa1 16. Nxe6 Qe7 17. Nd5 Qf7 18. Nxf6+ Kh8 19. Ne8+ Kg8 20. Nf6+
Kh8 21. Rxa1 Bg7 22. Nxg7 Qxg7 23. Rd1 Rf8 24. Rd7 Qxf6 25. Qxf6+ Rxf6 26. Rxc7
Rb6 27. b3 Rb4 28. e5 a6 29. f3 g5 30. e6 Kg8 31. Rc8+ Kg7 32. e7 Rf4 33. e8=Q
Rf8 34. Qxf8+ 1-0

[Event "Challenge"]
[Site "http://www.queenalice.com/game.php?id=941784"]
[Date "2011.5.23"]
[Round "-"]
[White "alamanerademachine"]
[Black "Cosette"]
[Result "1-0"]
[WhiteElo "1460"]
[BlackElo "1361"]

1. e4 e5 2. Qh5 Nf6 3. Qxe5+ Be7 4. f3 Nc6 5. Qg3 g6 6. a3 d6 7. c3 Ne5 8. d4
Nh5 9. Qf2 g5 10. dxe5 Qd7 11. g4 Ng7 12. Bc4 dxe5 13. Nh3 O-O 14. Bxg5 Rd8 15.
O-O Bxg5 16. Nxg5 h6 17. Nxf7 Kf8 18. Nxe5 Qe7 19. Ng6+ Ke8 20. Nxe7 Kxe7 21.
Qh4+ Ke8 22. Qxh6 Rd7 23. e5 Re7 24. f4 Bd7 25. Qh8# 1-0

[Event "Challenge"]
[Site "http://www.queenalice.com/game.php?id=941790"]
[Date "2011.5.23"]
[Round "-"]
[White "alamanerademachine"]
[Black "adelio"]
[Result "0-1"]
[WhiteElo "1287"]
[BlackElo "1660"]

1. e4 a6 2. e5 e6 3. Qf3 g6 4. d4 d5 5. c4 Ne7 6. Bg5 dxc4 7. Bxc4 Nbc6 8. Qc3
b5 9. d5 Bg7 10. Be2 b4 11. Qc5 exd5 12. Bf3 Bxe5 13. Bxd5 Qxd5 14. Qc2 Qxg2 15.
Nd2 Qxg5 16. Ngf3 Qf5 17. Qe4 Bxb2 18. Rd1 Bc3 19. O-O Qxe4 20. Nxe4 Bg4 21.
Nf6+ Bxf6 22. Nd2 Bxd1 23. Rxd1 Rd8 24. Kf1 Bc3 25. Ke2 Nd4+ 26. Ke3 Bxd2+ 27.
Rxd2 Ndf5+ 28. Ke2 O-O 29. Rc2 Nd4+ 30. Kd1 Nxc2+ 31. Kxc2 Rfe8 32. Kb3 Nc6 33.
Kc4 Re5 34. f4 Rd4+ 35. Kb3 Re3+ 36. Ka4 Ra3# 0-1

[Event "Challenge"]
[Site "http://www.queenalice.com/game.php?id=944013"]
[Date "2011.5.29"]
[Round "-"]
[White "ElvisCarvalho"]
[Black "alamanerademachine"]
[Result "1-0"]
[WhiteElo "1260"]
[BlackElo "1369"]

1. d4 d5 2. b4 e5 3. dxe5 Qe7 4. Qxd5 Qxb4+ 5. c3 Qa4 6. Bg5 Be7 7. f4 h6 8.
Bxe7 Nxe7 9. Qd2 O-O 10. e3 b5 11. g4 Bxg4 12. Ne2 Qe4 13. Rg1 h5 14. h3 Bf3 15.
Nd4 Rd8 16. Qf2 Nd5 17. Nd2 Qxe3+ 18. Qxe3 1-0

[Event "Challenge"]
[Site "http://www.queenalice.com/game.php?id=947435"]
[Date "2011.6.8"]
[Round "-"]
[White "Petrucio"]
[Black "alamanerademachine"]
[Result "1-0"]
[WhiteElo "1318"]
[BlackElo "1461"]

1. g3 e5 2. e4 Nf6 3. Qf3 d5 4. d3 Nc6 5. c3 d4 6. Kd2 Bc5 7. b4 Bb6 8. Bh3 Be6
9. b5 dxc3+ 10. Nxc3 Nb4 11. Nd5 Bxd5 12. a3 Bxe4 13. axb4 Bxf3 14. Nxf3 e4 15.
Ne5 Qd4 16. Bb2 1-0

[Event "Challenge"]
[Site "http://www.queenalice.com/game.php?id=951060"]
[Date "2011.6.17"]
[Round "-"]
[White "alamanerademachine"]
[Black "plot24"]
[Result "0-1"]
[WhiteElo "1356"]
[BlackElo "1745"]

1. e4 e5 2. Qh5 Nc6 3. Nf3 Nf6 4. Qf5 d6 5. Bb5 Bxf5 6. exf5 Qd7 7. Ng5 Qxf5 8.
h4 Qd7 9. O-O h6 10. Nf3 O-O-O 11. d3 g5 12. hxg5 hxg5 13. Nxg5 Bh6 14. Ne4 Nxe4
15. dxe4 Rdg8 16. Nc3 Qh3 17. g3 Bxc1 18. f3 Qxg3# 0-1

[Event "Challenge"]
[Site "http://www.queenalice.com/game.php?id=959718"]
[Date "2011.7.13"]
[Round "-"]
[White "vinoseco"]
[Black "alamanerademachine"]
[Result "0-1"]
[WhiteElo "1483"]
[BlackElo "1261"]

1. Nf3 f6 2. e3 e5 3. Bc4 d5 4. Bb5+ c6 5. Ba4 e4 6. Nd4 f5 7. g3 Nf6 8. h3 Bd7
9. f4 Qe7 10. c3 b5 11. Bb3 c5 12. Nc2 g6 13. d3 c4 14. dxc4 dxc4 15. Bxc4 bxc4
16. Qd4 Be6 17. Nba3 Nc6 18. Qd2 Rd8 19. Nd4 Qd7 20. g4 fxg4 21. hxg4 Bxg4 22.
Nab5 Bf3 23. Rg1 Nb4 24. cxb4 Bc5 25. Rg5 Qh3 26. Rxc5 Qh1+ 27. Kf2 Ng4+ 28. Kg3
h5 29. f5 g5 30. f6 Qh4# 0-1

[Event "Challenge"]
[Site "http://www.queenalice.com/game.php?id=960832"]
[Date "2011.7.15"]
[Round "-"]
[White "edemarc"]
[Black "alamanerademachine"]
[Result "1-0"]
[WhiteElo "1533"]
[BlackElo "1315"]

1. e4 e5 2. Nf3 Qf6 3. Nc3 c6 4. d3 h6 5. Be2 Bc5 6. O-O d6 7. h3 b5 8. Rb1 b4
9. Na4 Qe6 10. b3 g5 11. c4 g4 12. hxg4 f6 13. Nh4 Qe7 14. Be3 f5 15. Nxf5 Qf6
16. Nxc5 dxc5 17. Bxc5 a5 18. Nd6+ Kd8 19. Qd2 Qh4 20. Bb6+ Kd7 21. c5 h5 22. g5
Ke7 23. g3 Qh3 24. Bf3 Bg4 25. Bg2 h4 26. Bxh3 Bxh3 27. g6 Nf6 28. Nf5+ Bxf5 29.
exf5 h3 30. f3 Rh5 31. Kh2 Nbd7 32. Bc7 Rah8 33. Bxa5 Rxf5 34. Bxb4 Ke6 35. Rbe1
Nh5 36. g4 Rg5 37. Qxg5 Nf4 38. d4 Nd3 39. g7 Nxe1 40. gxh8=Q Nxf3+ 41. Rxf3
exd4 42. Qe8# 1-0

[Event "URUGUAY..!"]
[Site "http://www.queenalice.com/game.php?id=965102"]
[Date "2011.7.26"]
[Round "-"]
[White "alamanerademachine"]
[Black "Popeye"]
[Result "1-0"]
[WhiteElo "1286"]
[BlackElo "1600"]

1. e4 e5 2. Nf3 d6 3. Bc4 h6 4. Nc3 a6 5. a4 Nc6 6. Nd5 Nf6 7. c3 Nxe4 8. Qe2
Nf6 9. b4 Bg4 10. b5 Bxf3 11. Qxf3 Na5 12. Ba2 Nxd5 13. Qxd5 Qd7 14. O-O Qe6 15.
Qf3 Nc4 16. Qxb7 Rc8 17. bxa6 Na5 18. Qb5+ Qd7 19. Qxa5 Be7 20. Qd5 Bf6 21. a7
O-O 22. Bb1 Ra8 23. Qe4 g6 24. Qf3 Rxa7 25. Qxf6 Rxa4 26. Rxa4 Qxa4 27. d4 exd4
28. Bxh6 1-0